000 00745nam a2200253 4500
001 893
003 DO-SdBNP
005 20180315130136.0
007 893
008 160525b 2013 dr ||||| |||| 00| 0 spa d
020 _a8434864002
040 _aBPMSU
_bspa
_cBPMSU
100 1 _aVotela, Alfoenso
245 1 0 _aGrafomotricidad, 4 años /
_cAlfonso Varela, María Figueroa, Olga Varela ; ilustraciones Alberto Simón
246 _a[Educación inicial ]
260 _aSanto Domingo :
_bSM,
_c2013.
300 _a64 p. :
_bil. ;
_c24 cm.
700 1 _aFigueroa, María
700 1 _aVarela, Olga
700 1 2 _aSimón, Alberto,
_eil.
942 _2ddc
_cBK
945 _aInventariado, 2018 /LP
956 _aVMATEO
_b10
_c20160525
_dBPMSU
_f0069
999 _c10226
_d10226